000 00924nam a22003017a 4500
003 CHAP
005 20220329135323.0
008 971013s1946 r 00010 d
010 _a34372
011 _a35344
035 _a39460
040 _cCHAP
082 _a575.1
_bL98
100 0 0 _aLysenko, Trofim Desinovich.
_969298
245 _aHeredity and its variability
260 _aNew York :
_bKing`s Crown press,
_c1946
300 _a65 p.
590 _aBATCH-UPD
_b10
_c20130110
_lUCH01
_h1837
590 _aBATCH-UPD
_b10
_c20130410
_lUCH01
_h1208
590 _aBATCH-UPD
_b10
_c20130914
_lUCH01
_h1608
590 _aCONVERSION
_b10
_c20130109
_lUCH01
_h1319
650 1 4 _aHerencia.
_953725
650 1 4 _aVariación (Biología)
_9118140
901 _aBK
942 _cLIBRO
949 _a575.1 L98
_bBC
_cLIBRO
_d-89913
_eLIBRO
_h8497
_i39460
_si
949 _a575.1 L98
_bBC
_cLIBRO
_d33724000427357
_eLIBRO
_fc.2
_h43762
_i39460
_si
999 _c34372
_d34372